[Event "Titled Tuesday intern op 20th May Late"]
[Site "Chess.com INT"]
[Date "2025.05.20"]
[Round "5"]
[White "Aranda, Juan Manuel"]
[Black "Jovic, Stanoje"]
[Result "0-1"]
[WhiteElo "2134"]
[BlackElo "2096"]
[PlyCount "56"]
[EventDate "2025.05.20"]
[EventType "swiss (blitz)"]
[EventRounds "11"]
[EventCountry "USA"]
[SourceTitle "CB22_2025"]
[SourceDate "2025.05.28"]
[SourceVersion "1"]
[SourceVersionDate "2025.05.28"]
[SourceQuality "1"]

1. Nf3 Nf6 2. g3 d5 3. Bg2 c5 4. 0-0 Nc6 5. d4 cxd4 6. Nxd4 e5 7. Nxc6 bxc6 8. c4 e4 9. Nc3 Be7 10. cxd5 cxd5 11. Qb3 Be6 12. Rd1 0-0 13. Qa4 Qb6 14. Be3 Qxb2 15. Bd4 Rfd8 16. Rab1 Qa3 17. Qxa3 Bxa3 18. Bxf6 gxf6 19. Rb3 Bc5 20. Rb5 Rac8 21. Rxc5 Rxc5 22. Nxe4 Ra5 23. Nxf6+ Kg7 24. Nh5+ Kh6 25. Nf4 Rxa2 26. Bxd5 Bxd5 27. Rxd5 Rxd5 28. Nxd5 a5 0-1

[Event "Titled Tuesday intern op 06th May Early"]
[Site "Chess.com INT"]
[Date "2025.05.06"]
[Round "1"]
[White "Aranda, Juan Manuel"]
[Black "Akhmetov, Ayan"]
[Result "0-1"]
[WhiteElo "2134"]
[BlackElo "2410"]
[PlyCount "72"]
[EventDate "2025.05.06"]
[EventType "swiss (blitz)"]
[EventRounds "11"]
[EventCountry "USA"]
[SourceTitle "CB20_2025"]
[SourceDate "2025.05.14"]
[SourceVersion "1"]
[SourceVersionDate "2025.05.14"]
[SourceQuality "1"]

1. Nf3 Nf6 2. g3 e6 3. Bg2 c5 4. 0-0 d5 5. d3 Be7 6. Nbd2 0-0 7. e4 Nc6 8. e5 Nd7 9. Re1 Qc7 10. Qe2 a5 11. Nf1 Nd4 12. Nxd4 cxd4 13. h4 a4 14. a3 b5 15. Bf4 b4 16. h5 bxa3 17. bxa3 Ba6 18. Qg4 Rfc8 19. Bh6 g6 20. Bf4 Bb7 21. Rab1 Ra6 22. Nh2 Bxa3 23. Nf3 Bf8 24. Nxd4 a3 25. Nb5 Qxc2 26. Nxa3 Rxa3 27. Rxb7 Nc5 28. hxg6 hxg6 29. Rbb1 Nxd3 30. Rec1 Qxf2+ 31. Kh2 Nxc1 32. Rxc1 Rxc1 33. Bxc1 Ra2 34. Qh3 Bg7 35. Bf4 d4 36. g4 Qxf4+ 0-1

[Event "Titled Tuesday intern op 06th May Early"]
[Site "Chess.com INT"]
[Date "2025.05.06"]
[Round "7"]
[White "Myagmarsuren, Evsuld"]
[Black "Aranda, Juan Manuel"]
[Result "1-0"]
[WhiteElo "2292"]
[BlackElo "2134"]
[PlyCount "57"]
[EventDate "2025.05.06"]
[EventType "swiss (blitz)"]
[EventRounds "11"]
[EventCountry "USA"]
[SourceTitle "CB20_2025"]
[SourceDate "2025.05.14"]
[SourceVersion "1"]
[SourceVersionDate "2025.05.14"]
[SourceQuality "1"]

1. e4 d6 2. d4 g6 3. Nc3 Bg7 4. f4 c5 5. dxc5 Qa5 6. cxd6 Nf6 7. dxe7 Kxe7 8. Bd2 Qb6 9. e5 Rd8 10. exf6+ Bxf6 11. Qe2+ Kf8 12. 0-0-0 Nc6 13. Nf3 Bg4 14. Qb5 Bxc3 15. bxc3 Qf2 16. Bc4 Bxf3 17. gxf3 a6 18. Qg5 Qxf3 19. Qf6 Rd7 20. Qh8+ Ke7 21. Rhe1+ Kd6 22. Qxa8 Kc7 23. Re8 Kb6 24. Be3+ Ka5 25. Rxd7 Qh1+ 26. Kb2 b5 27. Qxa6+ Kxa6 28. Ra8+ Na7 29. Rdxa7# 1-0

[Event "Titled Tuesday intern op 06th May Early"]
[Site "Chess.com INT"]
[Date "2025.05.06"]
[Round "4"]
[White "Winslow, Elliott C"]
[Black "Aranda, Juan Manuel"]
[Result "1-0"]
[WhiteElo "2004"]
[BlackElo "2134"]
[PlyCount "27"]
[EventDate "2025.05.06"]
[EventType "swiss (blitz)"]
[EventRounds "11"]
[EventCountry "USA"]
[SourceTitle "CB20_2025"]
[SourceDate "2025.05.14"]
[SourceVersion "1"]
[SourceVersionDate "2025.05.14"]
[SourceQuality "1"]

1. e4 d6 2. d4 g6 3. Nc3 Bg7 4. Be3 c6 5. Qd2 Qa5 6. Bd3 b5 7. h3 Nd7 8. Nf3 Rb8 9. 0-0 Ba6 10. a3 Ngf6 11. e5 dxe5 12. dxe5 Nd5 13. Nxd5 cxd5 14. Qxa5 1-0

[Event "Titled Tuesday intern op 04th Mar Early"]
[Site "Chess.com INT"]
[Date "2025.03.04"]
[Round "10"]
[White "Aranda, Juan Manuel"]
[Black "Anand, Tsogtbileg"]
[Result "0-1"]
[WhiteElo "2134"]
[BlackElo "2057"]
[PlyCount "140"]
[EventDate "2025.03.04"]
[EventType "swiss (blitz)"]
[EventRounds "11"]
[EventCountry "USA"]
[SourceTitle "CB11_2025"]
[SourceDate "2025.03.12"]
[SourceVersion "1"]
[SourceVersionDate "2025.03.12"]
[SourceQuality "1"]

1. Nf3 Nf6 2. g3 g6 3. Bg2 Bg7 4. 0-0 0-0 5. d4 d5 6. c4 c6 7. Nc3 dxc4 8. b3 cxb3 9. Qxb3 Qb6 10. Qc2 Nd5 11. Rb1 Qa6 12. Na4 Bf5 13. e4 Bxe4 14. Qxe4 Qxa4 15. Rxb7 Qa6 16. Rb3 Nd7 17. Ne5 Bxe5 18. dxe5 Nc5 19. Ra3 Qxf1+ 20. Kxf1 Nxe4 21. Bxe4 Rab8 22. Rxa7 Rb4 23. f3 Rd8 24. Ba3 Rc4 25. Kg2 Kg7 26. h4 Ne3+ 27. Kh3 Rd1 28. g4 c5 29. Rxe7 Nf1 30. g5 Rd2 31. Kg4 Rg2+ 32. Kf4 Kf8 33. Rc7 Nd2 34. Bxc5+ Ke8 35. Bd6 Rxc7 36. Bxc7 Nxe4 37. Kxe4 Rxa2 38. Kf4 Kd7 39. Bb6 Ke6 40. Bc7 Ra4+ 41. Kg3 Kf5 42. Bd6 Rd4 43. Bc7 Rd1 44. Bd6 Rg1+ 45. Kh2 Ra1 46. Kg3 Ra2 47. Bc7 Ra3 48. Bd6 Rb3 49. Bc7 Ke6 50. Bd6 Kd5 51. Bc7 Kd4 52. Kf4 Kd3 53. Ba5 Ke2 54. Kg4 Rxf3 55. Bb6 Rf5 56. h5 Rxe5 57. hxg6 hxg6 58. Bd8 Rf5 59. Be7 Kd3 60. Bf6 Ke4 61. Be7 Kd5 62. Bd8 Ke6 63. Bc7 Rb5 64. Bd8 Rb4+ 65. Kf3 Kf5 66. Be7 Rb3+ 67. Kg2 Kg4 68. Kf2 Rf3+ 69. Ke2 Rf5 70. Ke3 Rxg5 0-1

[Event "Titled Tuesday intern op 04th Mar Early"]
[Site "Chess.com INT"]
[Date "2025.03.04"]
[Round "2"]
[White "Aranda, Juan Manuel"]
[Black "Arun, Kataria"]
[Result "0-1"]
[WhiteElo "2134"]
[BlackElo "2353"]
[PlyCount "70"]
[EventDate "2025.03.04"]
[EventType "swiss (blitz)"]
[EventRounds "11"]
[EventCountry "USA"]
[SourceTitle "CB11_2025"]
[SourceDate "2025.03.12"]
[SourceVersion "1"]
[SourceVersionDate "2025.03.12"]
[SourceQuality "1"]

1. Nf3 Nf6 2. g3 e6 3. Bg2 Be7 4. 0-0 d5 5. d3 0-0 6. Nbd2 c5 7. e4 Nc6 8. e5 Nd7 9. Re1 Qc7 10. Qe2 b5 11. Nf1 Rb8 12. Bf4 b4 13. h4 a5 14. N1h2 Ba6 15. Qd2 c4 16. d4 c3 17. bxc3 bxc3 18. Qxc3 Bb4 19. Qe3 Bxe1 20. Rxe1 Nb4 21. Bh6 gxh6 22. Qxh6 f6 23. Ng4 Qxc2 24. h5 Qf5 25. Bh3 Qxf3 26. exf6 Nxf6 27. Re5 Ne4 28. Qxe6+ Kh8 29. h6 Nd3 30. Bg2 Qf7 31. Qxa6 Nxe5 32. dxe5 Rb1+ 33. Kh2 Qh5+ 34. Bh3 Rh1+ 35. Kg2 Qxh3# 0-1

[Event "Titled Tuesday intern op 04th Mar Early"]
[Site "Chess.com INT"]
[Date "2025.03.04"]
[Round "5"]
[White "Aranda, Juan Manuel"]
[Black "Khademi, Mohammad Miran"]
[Result "1-0"]
[WhiteElo "2134"]
[BlackElo "2138"]
[PlyCount "167"]
[EventDate "2025.03.04"]
[EventType "swiss (blitz)"]
[EventRounds "11"]
[EventCountry "USA"]
[SourceTitle "CB11_2025"]
[SourceDate "2025.03.12"]
[SourceVersion "1"]
[SourceVersionDate "2025.03.12"]
[SourceQuality "1"]

1. Nf3 g6 2. g3 Bg7 3. Bg2 f5 4. 0-0 e5 5. d4 e4 6. Ne1 d5 7. e3 c6 8. c4 b6 9. cxd5 cxd5 10. Nc3 Ba6 11. Qa4+ Kf7 12. f4 Bxf1 13. Bxf1 Ne7 14. Bd2 Qd7 15. Qb3 Nbc6 16. Rc1 Na5 17. Qb4 Rhc8 18. b3 Nec6 19. Qb5 a6 20. Qxd5+ Qxd5 21. Nxd5 Nxd4 22. Nxb6 Rxc1 23. Bxc1 Rb8 24. Nd7 Rd8 25. Nc5 Nf3+ 26. Nxf3 exf3 27. Kf2 Rd1 28. Ba3 Rd2+ 29. Kxf3 Rxa2 30. Bb4 Nc6 31. Bc4+ Ke8 32. Be1 a5 33. Bb5 Rc2 34. Bxc6+ Kf8 35. Ne6+ Ke7 36. Bd5 Bc3 37. Bxc3 Rxc3 38. Ng5 h6 39. Nf7 Rd3 40. Bc4 Rc3 41. Nxh6 a4 42. Ng8+ Kf8 43. bxa4 Rxc4 44. Nf6 Rxa4 45. Nd7+ Kg7 46. Ne5 Ra2 47. h3 Kf6 48. g4 Rh2 49. Kg3 Re2 50. Kf3 Re1 51. g5+ Kg7 52. Nd3 Rd1 53. Nf2 Ra1 54. Nd3 Ra3 55. Ne5 Rb3 56. Nc4 Rc3 57. Ne5 Ra3 58. Kf2 Ra6 59. Kf3 Kf8 60. h4 Kg7 61. Ke2 Ra2+ 62. Kf3 Ra4 63. Kg3 Ra3 64. Kf3 Ra1 65. Nd3 Rd1 66. Nf2 Ra1 67. Nd3 Ra3 68. Ne5 Ra1 69. Nc6 Rh1 70. Kg3 Rc1 71. Nd4 Rg1+ 72. Kf2 Rg4 73. Nf3 Kh7 74. Kf1 Rg3 75. Kf2 Rg4 76. Kf1 Kg7 77. Kf2 Kf8 78. Ne5 Rxh4 79. Nxg6+ Kg7 80. Nxh4 Kf7 81. Nxf5 Kg6 82. Ng3 Kh7 83. Kf3 Kg7 84. Kg4 1-0

[Event "Titled Tuesday intern op 10th Sep Early"]
[Site "Chess,com INT"]
[Date "2024.09.10"]
[Round "11"]
[White "Aranda, Juan Manuel"]
[Black "Bogaudinov, Rushan"]
[Result "0-1"]
[WhiteElo "2135"]
[BlackElo "1912"]
[PlyCount "146"]
[EventDate "2024.09.10"]
[EventType "swiss (blitz)"]
[EventRounds "11"]
[EventCountry "USA"]
[SourceTitle "EXT 2025"]
[Source "ChessBase"]
[SourceDate "2024.10.14"]
[SourceVersion "1"]
[SourceVersionDate "2024.10.14"]
[SourceQuality "1"]

1. Nf3 a6 2. d4 c6 3. e4 e6 4. c4 g6 5. Nc3 Bg7 6. Be2 b5 7. c5 b4 8. Na4 a5 9. e5 Ne7 10. 0-0 0-0 11. Nb6 Ra7 12. Nc4 Ba6 13. Nd6 Bxe2 14. Qxe2 Na6 15. g4 Nc7 16. h4 Ned5 17. g5 Qb8 18. Kg2 Nb5 19. Be3 Nxd6 20. exd6 f6 21. gxf6 Bxf6 22. Ne5 Bxe5 23. dxe5 Qd8 24. Bg5 Qxg5+ 25. hxg5 Nf4+ 26. Kf3 Nxe2+ 27. Kxe2 Rf4 28. Ke3 Rc4 29. Rac1 Rh4 30. Rh1 Rg4 31. Rcg1 Rc4 32. Rc1 Rxc1 33. Rxc1 Ra8 34. Rh1 Rf8 35. f4 Kg7 36. Ke4 Rb8 37. Rh3 Rb5 38. Kd4 Kg8 39. Kc4 Kg7 40. Rb3 h5 41. gxh6+ Kxh6 42. Rh3+ Kg7 43. a3 bxa3 44. bxa3 a4 45. Kd4 Rb1 46. Rc3 Kh6 47. Rc4 Kh5 48. Rxa4 Rb7 49. Rb4 Ra7 50. a4 Kg4 51. Ke3 Kf5 52. Kf3 Ra5 53. Kg3 Rxc5 54. Rb7 Rc3+ 55. Kg2 Kxf4 56. Rxd7 Kxe5 57. Rd8 Ra3 58. d7 Kd6 59. Rg8 Kxd7 60. Rxg6 Rxa4 61. Kf3 Rd4 62. Ke3 Rd5 63. Ke4 c5 64. Rg7+ Kd6 65. Rg8 c4 66. Rd8+ Kc5 67. Rc8+ Kb4 68. Rc6 Rc5 69. Rxe6 c3 70. Rb6+ Kc4 71. Ke3 Re5+ 72. Kf2 c2 73. Rc6+ Rc5 0-1

[Event "Titled Tuesday intern op 10th Sep Early"]
[Site "Chess,com INT"]
[Date "2024.09.10"]
[Round "5"]
[White "Aranda, Juan Manuel"]
[Black "Diachek, Andriy"]
[Result "0-1"]
[WhiteElo "2135"]
[BlackElo "2162"]
[PlyCount "66"]
[EventDate "2024.09.10"]
[EventType "swiss (blitz)"]
[EventRounds "11"]
[EventCountry "USA"]
[SourceTitle "EXT 2025"]
[Source "ChessBase"]
[SourceDate "2024.10.14"]
[SourceVersion "1"]
[SourceVersionDate "2024.10.14"]
[SourceQuality "1"]

1. Nf3 d5 2. g3 Nf6 3. Bg2 c6 4. 0-0 Bg4 5. h3 Bh5 6. d3 Nbd7 7. Nh4 e6 8. f4 Bg6 9. Qe1 Bd6 10. e4 0-0 11. c3 Nc5 12. f5 Nxd3 13. Qd2 dxe4 14. fxg6 Bxg3 15. gxh7+ Kxh7 16. Qg5 Nxc1 17. Rxc1 Qb6+ 18. Kh1 Qf2 19. Rf1 Bxh4 20. Bxe4+ Kg8 21. Rxf2 Bxg5 22. Bf3 Rfd8 23. Na3 Rd3 24. Nc4 Rad8 25. a4 Bh4 26. Rff1 Nd5 27. a5 a6 28. Kh2 Ne3 29. Rg1 Nxc4 30. Raf1 Rd2+ 31. Kh1 Rxb2 32. Rg4 Ne3 33. Rxh4 Nxf1 0-1

[Event "Titled Tuesday intern op 27th Aug Late"]
[Site "Chess.com INT"]
[Date "2024.08.27"]
[Round "4"]
[White "Aranda, Juan Manuel"]
[Black "Jackson, Peter"]
[Result "1-0"]
[WhiteElo "2135"]
[BlackElo "2039"]
[PlyCount "127"]
[EventDate "2024.08.27"]
[EventType "swiss (blitz)"]
[EventRounds "11"]
[EventCountry "USA"]
[SourceTitle "EXT 2025"]
[Source "ChessBase"]
[SourceDate "2024.10.14"]
[SourceVersion "1"]
[SourceVersionDate "2024.10.14"]
[SourceQuality "1"]

1. Nf3 Nf6 2. g3 d5 3. Bg2 g6 4. 0-0 Bg7 5. d4 0-0 6. c4 c6 7. Nc3 dxc4 8. Ne5 Ng4 9. Nxc4 Qxd4 10. Qxd4 Bxd4 11. h3 Nf6 12. Rd1 Bc5 13. Bf4 Be6 14. Na5 b6 15. Nxc6 Nxc6 16. Bxc6 Rac8 17. Bb7 Rcd8 18. Bh6 Rfe8 19. Bc6 Bd7 20. Bf3 Bxh3 21. Nb5 Ng4 22. Bxg4 Bxg4 23. Nxa7 Bxe2 24. Re1 Bf3 25. Nb5 Rd3 26. a3 Bc6 27. Na7 Rxg3+ 28. Kh2 Rg2+ 29. Kh3 Ba8 30. Rad1 Rxf2 31. b4 Rf3+ 32. Kg4 Rxa3 33. bxc5 f5+ 34. Kg5 Rxa7 35. cxb6 Rb7 36. Re6 Reb8 37. Rb1 Kf7 38. Rc6 Rd7 39. Rc4 Be4 40. Rb2 Rdb7 41. Rcb4 e6 42. Kf4 Bd5 43. Ke5 Rc8 44. Bg5 Rc4 45. Rxc4 Bxc4 46. Bd8 Bd5 47. Bc7 Ke7 48. Rh2 h5 49. Rh3 Kf7 50. Rg3 Kg7 51. Kd6 Kh6 52. Ke7 h4 53. Rg1 g5 54. Kf6 g4 55. Bf4+ Kh7 56. Bc7 g3 57. Kg5 g2 58. Kxh4 Kg6 59. Kg3 Kf7 60. Kf4 Ke8 61. Ke5 Kd7 62. Rc1 Rxc7 63. Rxc7+ Kd8 64. Rg7 1-0

[Event "Titled Tuesday intern op 27th Aug Late"]
[Site "Chess.com INT"]
[Date "2024.08.27"]
[Round "3"]
[White "Koksal, Ege"]
[Black "Aranda, Juan Manuel"]
[Result "1-0"]
[WhiteElo "2316"]
[BlackElo "2135"]
[PlyCount "75"]
[EventDate "2024.08.27"]
[EventType "swiss (blitz)"]
[EventRounds "11"]
[EventCountry "USA"]
[SourceTitle "EXT 2025"]
[Source "ChessBase"]
[SourceDate "2024.10.14"]
[SourceVersion "1"]
[SourceVersionDate "2024.10.14"]
[SourceQuality "1"]

1. c4 e5 2. Nc3 g6 3. g3 Bg7 4. Bg2 d6 5. e3 Nc6 6. Nge2 Nge7 7. 0-0 0-0 8. d4 f5 9. Rb1 a5 10. a3 Kh8 11. b4 Ng8 12. b5 Nce7 13. a4 e4 14. Ba3 Nf6 15. c5 d5 16. c6 b6 17. Nf4 Rf7 18. Qb3 g5 19. Bxe7 Rxe7 20. Nfe2 Be6 21. f3 Qd6 22. fxe4 fxe4 23. h3 Rf8 24. Rf2 Ref7 25. Rbf1 Nh5 26. Rxf7 Rxf7 27. Rxf7 Bxf7 28. Nxe4 dxe4 29. Qxf7 Nf6 30. Kf2 h5 31. Nc3 h4 32. gxh4 gxh4 33. Nxe4 Nxe4+ 34. Bxe4 Qg3+ 35. Ke2 Qh2+ 36. Kd3 Qd6 37. Qh5+ Kg8 38. Bd5+ 1-0

[Event "Titled Tuesday intern op 20th Aug Late"]
[Site "Chess.com INT"]
[Date "2024.08.20"]
[Round "2"]
[White "Aranda, Juan Manuel"]
[Black "Golubovskis, Maksims"]
[Result "1-0"]
[WhiteElo "2135"]
[BlackElo "2176"]
[PlyCount "59"]
[EventDate "2024.08.20"]
[EventType "swiss (blitz)"]
[EventRounds "11"]
[EventCountry "USA"]
[SourceTitle "EXT 2025"]
[Source "ChessBase"]
[SourceDate "2024.10.14"]
[SourceVersion "1"]
[SourceVersionDate "2024.10.14"]
[SourceQuality "1"]

1. Nf3 Nf6 2. g3 e6 3. Bg2 d5 4. 0-0 Be7 5. d3 0-0 6. Nbd2 c5 7. e4 Nc6 8. e5 Nd7 9. Re1 Qc7 10. Qe2 Re8 11. Nf1 Bf8 12. Bf4 b5 13. h4 a5 14. Ne3 Bb7 15. h5 Rac8 16. Nxd5 exd5 17. e6 Bd6 18. exf7+ Kxf7 19. Ng5+ Kf8 20. Ne6+ Kg8 21. Bxd5 Qb8 22. Nc7+ Kh8 23. Nxe8 Bxf4 24. Qe6 Nf6 25. Nxf6 Bg5 26. Nd7 Qa8 27. Nb6 Nd4 28. Nxa8 Nxe6 29. Bxb7 Re8 30. Bd5 1-0

[Event "Titled Tuesday intern op 20th Aug Late"]
[Site "Chess.com INT"]
[Date "2024.08.20"]
[Round "7"]
[White "Kepeshchuk, Mykhaylo"]
[Black "Aranda, Juan Manuel"]
[Result "0-1"]
[WhiteElo "2269"]
[BlackElo "2135"]
[PlyCount "132"]
[EventDate "2024.08.20"]
[EventType "swiss (blitz)"]
[EventRounds "11"]
[EventCountry "USA"]
[SourceTitle "EXT 2025"]
[Source "ChessBase"]
[SourceDate "2024.10.14"]
[SourceVersion "1"]
[SourceVersionDate "2024.10.14"]
[SourceQuality "1"]

1. d4 d6 2. Nf3 Bg4 3. g3 Nf6 4. Bg2 c6 5. 0-0 g6 6. h3 Bxf3 7. Bxf3 d5 8. c4 Bg7 9. Qb3 Qc8 10. Nc3 dxc4 11. Qxc4 Qxh3 12. d5 0-0 13. Rd1 Nxd5 14. Nxd5 cxd5 15. Bxd5 Nc6 16. Bxc6 bxc6 17. Qxc6 Rac8 18. Qe4 Rfd8 19. Be3 e6 20. Bxa7 Bxb2 21. Rab1 Bf6 22. Bb6 Rxd1+ 23. Rxd1 Kg7 24. a4 Qh5 25. a5 Qb5 26. Qd3 Qa4 27. a6 Rc3 28. Qd2 Qxa6 29. Bd4 Qc4 30. Bxf6+ Kxf6 31. Qh6 Qxe2 32. Rf1 Qf3 33. Qxh7 Rc5 34. Qh8+ Ke7 35. Qh1 Qxh1+ 36. Kxh1 Kf6 37. Kg2 e5 38. Rd1 Rc2 39. Rd6+ Kf5 40. Ra6 f6 41. Ra4 Kg5 42. Kf3 f5 43. Ra6 e4+ 44. Ke3 Rc3+ 45. Ke2 Rc2+ 46. Ke3 Rb2 47. Rc6 Rb3+ 48. Ke2 Rb2+ 49. Ke3 Rb3+ 50. Ke2 Ra3 51. Rb6 Kh5 52. Rc6 g5 53. Rc8 Kg4 54. Rf8 Ra2+ 55. Kf1 Ra3 56. Kg2 Ra2 57. Rf7 e3 58. Re7 Rxf2+ 59. Kg1 Re2 60. Kf1 Kf3 61. Re5 f4 62. gxf4 gxf4 63. Rh5 Rf2+ 64. Ke1 Rg2 65. Kf1 Rg3 66. Ke1 Rg1# 0-1

[Event "Titled Tuesday intern op 20th Aug Late"]
[Site "Chess.com INT"]
[Date "2024.08.20"]
[Round "11"]
[White "Noy, Eyal"]
[Black "Aranda, Juan Manuel"]
[Result "1-0"]
[WhiteElo "2216"]
[BlackElo "2135"]
[PlyCount "101"]
[EventDate "2024.08.20"]
[EventType "swiss (blitz)"]
[EventRounds "11"]
[EventCountry "USA"]
[SourceTitle "EXT 2025"]
[Source "ChessBase"]
[SourceDate "2024.10.14"]
[SourceVersion "1"]
[SourceVersionDate "2024.10.14"]
[SourceQuality "1"]

1. d4 d6 2. c4 e5 3. dxe5 dxe5 4. Qxd8+ Kxd8 5. Nf3 f6 6. Nc3 Be6 7. b3 c6 8. Bb2 Kc7 9. 0-0-0 Nh6 10. h3 a5 11. a4 Na6 12. g4 Nf7 13. e3 Be7 14. Ne4 Rhd8 15. Bd3 Nd6 16. Nxd6 Rxd6 17. Bxh7 Rh8 18. Rxd6 Bxd6 19. Bf5 Bxf5 20. gxf5 Nc5 21. Kc2 Ne4 22. Rh2 Rh5 23. Nd2 Nxd2 24. Kxd2 Rxf5 25. Ke2 e4 26. Rg2 Bf8 27. Rg4 Rh5 28. h4 f5 29. Rg6 Rh7 30. Rg5 g6 31. Rxg6 Rxh4 32. Rf6 Bc5 33. Rxf5 Kb6 34. Bc3 Rh1 35. Bxa5+ Kxa5 36. Rxc5+ Kb4 37. Re5 Rh4 38. Re7 b6 39. Rb7 Kxb3 40. Rxb6+ Kxc4 41. Rxc6+ Kb4 42. Ra6 Rh2 43. Rf6 Rh5 44. Rf4 Re5 45. f3 Kxa4 46. Rxe4+ Rxe4 47. fxe4 Kb4 48. Kf3 Kc5 49. Kf4 Kd6 50. Kf5 Ke7 51. e5 1-0

[Event "Titled Tuesday intern op 20th Aug Early"]
[Site "Chess.com INT"]
[Date "2024.08.20"]
[Round "3"]
[White "Uritsky, Yonathan"]
[Black "Aranda, Juan Manuel"]
[Result "1-0"]
[WhiteElo "2321"]
[BlackElo "2135"]
[PlyCount "37"]
[EventDate "2024.08.20"]
[EventType "swiss (blitz)"]
[EventRounds "11"]
[EventCountry "USA"]
[SourceTitle "EXT 2025"]
[Source "ChessBase"]
[SourceDate "2024.10.14"]
[SourceVersion "1"]
[SourceVersionDate "2024.10.14"]
[SourceQuality "1"]

1. Nf3 Nf6 2. g3 g6 3. Bg2 Bg7 4. 0-0 0-0 5. c4 d6 6. Nc3 Nc6 7. Rb1 e5 8. d3 Re8 9. b4 e4 10. dxe4 Nxe4 11. Nxe4 Rxe4 12. b5 Na5 13. Nd2 Re8 14. Qa4 c5 15. Bb2 Rb8 16. Bxg7 Kxg7 17. Rbd1 Be6 18. Qc2 Qe7 19. Qc3+ 1-0

[Event "Titled Tuesday intern op 13th Aug Late"]
[Site "Chess.com INT"]
[Date "2024.08.13"]
[Round "11"]
[White "Sultanbek, Zeinep"]
[Black "Aranda, Juan Manuel"]
[Result "1-0"]
[WhiteElo "2098"]
[BlackElo "2135"]
[PlyCount "91"]
[EventDate "2024.08.13"]
[EventType "swiss (blitz)"]
[EventRounds "11"]
[EventCountry "USA"]
[SourceTitle "EXT 2025"]
[Source "ChessBase"]
[SourceDate "2024.10.14"]
[SourceVersion "1"]
[SourceVersionDate "2024.10.14"]
[SourceQuality "1"]

1. Nf3 g6 2. c4 Bg7 3. Nc3 Nf6 4. b3 0-0 5. Bb2 c5 6. e3 Nc6 7. d4 cxd4 8. Nxd4 Nxd4 9. Qxd4 b6 10. Be2 Bb7 11. 0-0 Ne4 12. Qd3 Qc7 13. Nd5 Bxd5 14. Bxg7 Kxg7 15. Qxd5 Nf6 16. Qd4 Rfd8 17. Rfd1 d5 18. Rac1 dxc4 19. Qxc4 Qxc4 20. Bxc4 a5 21. a4 Ne4 22. Bd5 Nc5 23. Bxa8 Rxa8 24. Rc3 Kf6 25. Kf1 g5 26. Ke2 Ke5 27. f4+ gxf4 28. exf4+ Ke6 29. g4 Rg8 30. Kf3 f6 31. Re3+ Kf7 32. Rde1 Re8 33. Rd1 Rc8 34. h4 h6 35. Rd5 Rc6 36. Rh5 Kg6 37. f5+ Kf7 38. Rxh6 Nd7 39. Rh7+ Kf8 40. Rexe7 Ne5+ 41. Ke4 Rc1 42. Ra7 Re1+ 43. Kd5 Rd1+ 44. Ke6 Kg8 45. Rag7+ Kf8 46. Kxf6 1-0

[Event "Titled Tuesday intern op 06th Aug Late"]
[Site "Chess.com INT"]
[Date "2024.08.06"]
[Round "5"]
[White "Ambrogi, Agustin Tomas"]
[Black "Aranda, Juan Manuel"]
[Result "1-0"]
[WhiteElo "2232"]
[BlackElo "2135"]
[PlyCount "87"]
[EventDate "2024.08.06"]
[EventType "swiss (blitz)"]
[EventRounds "11"]
[EventCountry "USA"]
[SourceTitle "EXT 2025"]
[Source "ChessBase"]
[SourceDate "2024.10.14"]
[SourceVersion "1"]
[SourceVersionDate "2024.10.14"]
[SourceQuality "1"]

1. e4 d6 2. Nc3 g6 3. f4 Bg7 4. Nf3 c5 5. Bc4 Nc6 6. 0-0 Nf6 7. d3 0-0 8. Qe1 Bg4 9. Qh4 Bxf3 10. Rxf3 Nd4 11. Rh3 Nxc2 12. Rb1 h5 13. f5 d5 14. Nxd5 Nxd5 15. Bxd5 Nb4 16. Bc4 b5 17. Bxb5 Qd4+ 18. Be3 Qd6 19. Bc4 e6 20. f6 Bh8 21. Qg5 Nxd3 22. Rxh5 Bxf6 23. Qxf6 gxh5 24. Rd1 Qe5 25. Qh6 Qg7 26. Qxg7+ Kxg7 27. Rxd3 Rfd8 28. Bxc5 Rxd3 29. Bxd3 Rd8 30. Bf1 e5 31. Bxa7 Rd2 32. b4 Rxa2 33. Bc5 Rb2 34. b5 Kf6 35. b6 Ke6 36. Bc4+ Kd7 37. Bxf7 Kc6 38. Be3 Rb3 39. Kf2 Rb2+ 40. Kf3 h4 41. Bd5+ Kd7 42. b7 Kc7 43. Ba7 Rb3+ 44. Bxb3 1-0

[Event "Titled Tuesday intern op 06th Aug Late"]
[Site "Chess.com INT"]
[Date "2024.08.06"]
[Round "7"]
[White "Aranda, Juan Manuel"]
[Black "Asensio Ramos, Enrique Fernando"]
[Result "0-1"]
[WhiteElo "2135"]
[BlackElo "2215"]
[PlyCount "48"]
[EventDate "2024.08.06"]
[EventType "swiss (blitz)"]
[EventRounds "11"]
[EventCountry "USA"]
[SourceTitle "EXT 2025"]
[Source "ChessBase"]
[SourceDate "2024.10.14"]
[SourceVersion "1"]
[SourceVersionDate "2024.10.14"]
[SourceQuality "1"]

1. Nf3 d5 2. g3 Nc6 3. d4 Bg4 4. Bg2 e6 5. 0-0 Nf6 6. Ne5 Nxe5 7. dxe5 Nd7 8. f4 h5 9. h3 Bc5+ 10. Kh2 h4 11. hxg4 hxg3+ 12. Kxg3 Qh4+ 13. Kf3 f5 14. e3 fxg4+ 15. Ke2 Qg3 16. Rf2 Rh2 17. Qg1 0-0-0 18. c3 Rf8 19. b4 Bb6 20. a4 a6 21. a5 Ba7 22. Na3 Nxe5 23. Nc2 Nf3 24. Bxf3 Qxg1 0-1

[Event "Titled Tuesday intern op 06th Aug Late"]
[Site "Chess.com INT"]
[Date "2024.08.06"]
[Round "4"]
[White "Aranda, Juan Manuel"]
[Black "Bremner, Adam"]
[Result "0-1"]
[WhiteElo "2135"]
[BlackElo "2173"]
[PlyCount "60"]
[EventDate "2024.08.06"]
[EventType "swiss (blitz)"]
[EventRounds "11"]
[EventCountry "USA"]
[SourceTitle "EXT 2025"]
[Source "ChessBase"]
[SourceDate "2024.10.14"]
[SourceVersion "1"]
[SourceVersionDate "2024.10.14"]
[SourceQuality "1"]

1. Nf3 d5 2. g3 c6 3. Bg2 Bg4 4. 0-0 e6 5. h3 Bh5 6. d3 Bd6 7. Ne1 Nd7 8. f4 f6 9. Nf3 Ne7 10. c4 0-0 11. Nc3 Bf7 12. g4 e5 13. f5 dxc4 14. dxc4 Bc5+ 15. Kh1 Bxc4 16. Ne4 Bd5 17. Nxc5 Nxc5 18. Qc2 Ne4 19. Kh2 Nd6 20. Be3 Qc7 21. Rfd1 Nc4 22. Bc5 e4+ 23. Kg1 exf3 24. exf3 b6 25. Bf2 Rad8 26. Re1 Rfe8 27. b3 Ne5 28. Rad1 Nxf3+ 29. Bxf3 Bxf3 30. Qc3 Rxd1 0-1